000 00661nam a22001817a 4500
005 20250804143042.0
010 _aENG-146332
020 _c650.00
_a9789389934564
035 _aEN-129864
037 _bDBAD
082 _a005
245 _aInterating Interdisciplinary Research For Societal Well- Being
_cEdited by Santosh Dhar, Upinder Dhar, Anjali Gupta
260 _aNoida UP
_bD-5,SECTOR -2
_c2025
270 _bNoida
_aD-5,Sector-2
_e201 301
_k01204320295/ 2542557/4352866
_mdelhi.book@alliedpublishers.com
300 _a229p.
_c25cm(hb)
700 _aDhar Santosh, Dhar Upinder , Gupta Anjali
_983691
942 _cEN
_h005
_mINT
_e1
_2ddc
999 _c212854
_d212854